00329nam a22001097a 4500008004100000020001500041082002100056100001700077245007700094260004000171300000800211230606b xxu||||| |||| 00| 0 eng d a9966718362 a352.1406762bMBO cHamisi Mboga aUnderstanding the Local government system in KenyabA citizen's Handbook bInstitute of Economic Affairsc2009 a57p